|
|
|
|
| LEADER |
00000cam a2200000 7i4500 |
| 001 |
0000003012 |
| 002 |
000003261 |
| 005 |
20000330.0 |
| 020 |
|
|
|a 0077076052
|
| 090 |
0 |
0 |
|a 652.3
|b DRU
|
| 100 |
1 |
|
|a Drummond, Archie
|
| 245 |
1 |
0 |
|a First course :
|b keyboarding and document processing
|c Archie Drummond
|
| 250 |
|
|
|a 6th edition
|
| 260 |
|
|
|a London :
|b McGraw-Hill ,
|c 1993
|
| 300 |
|
|
|a 106p. ;
|c 20cm.
|
| 650 |
0 |
0 |
|a Electronic data processing
|x Keyboarding
|
| 650 |
0 |
0 |
|a Office prctice
|
| 700 |
1 |
|
|a Coles-Mogford, Anne
|
| 999 |
|
|
|a 036588
|b BUKU
|c PINJAMAN
|e PERPUSTAKAAN KOMUNITI PETALING JAYA
|
| 999 |
|
|
|a 036589
|b BUKU
|c PINJAMAN
|e PERPUSTAKAAN KOMUNITI PETALING JAYA
|
| 999 |
|
|
|a 053081
|b BUKU
|c PINJAMAN
|e PERPUSTAKAAN KOMUNITI PETALING JAYA
|